Countries Consuming The Most Milk Per Capita - Statistics

General Stats
  • This quiz has been taken 48 times
  • The average score is 6 of 11
Answer Stats
kg Country % Correct
295.62 Denmark
82%
355.86 Sweden
82%
361.19 Finland
80%
315.78 Switzerland
73%
320.15 Netherlands
70%
265.9 Luxembourg
64%
314.69 Greece
55%
303.0 Lithuania
41%
266.19 Romania
39%
281.17 Albania
27%
305.87 Montenegro
23%
No matching quizzes found
Score Distribution
Percent of People with Each Score
Percentile by Number Answered
Your Score History
You have not taken this quiz